Phaedri augusti liberti : fabulae aesopiae : ex optimis exemplaribus emendatae : accedunt Aviani et anonymi veteris fabulae publii syri sententiae : et Dionysii catonis disticha /

Збережено в:
Бібліографічні деталі
Автор: Fedro (autor)
Інші автори: Aviano, Flavio (autor) (autor), Publilio Siro (autor) (autor), Catón, Dionisio (autor) (autor)
Формат: Книга
Мова:Латинська
Предмети:
Теги: Додати тег
Немає тегів, Будьте першим, хто поставить тег для цього запису!

MARC

LEADER 00000nam^a2200000^a^4500
001 000380469
005 20250526000000.0
009 20260310120604.942
037 |a Acervo Xavier Clavigero 
041 |a LAT 
082 |a 873.  |b FED 
100 |a Fedro  |e (autor) 
240 1 1 |a [Fábulas de Fedro] 
240 1 1 |a [Fábulas de Aviano] 
240 1 1 |a [Sentencias de Publilio Siro] 
245 1 0 |a Phaedri augusti liberti :  |b fabulae aesopiae : ex optimis exemplaribus emendatae : accedunt Aviani et anonymi veteris fabulae publii syri sententiae : et Dionysii catonis disticha /  |c Fedro. 
264 |a Estrasburgo, Francia :  |b Typographia Societatis Bipontinae,  |c 1810 
300 |a CXII, 216 p. ;  |c 20.5 cm. 
336 |a texto  |b txt  |2 rdacontenido 
337 |a sin mediación  |b n  |2 rdamedio 
338 |a volumen  |b nc  |2 rdasoporte 
501 |a Encuadernación particular 
545 0 |a Fedro (20-15 a.C. – 50-54) fue un escritor latino de fábulas, en las que se puede apreciar las costumbres de la Roma imperial y en donde el autor aprovecha para criticar el abuso de poder, a los mentirosos y los que hacen el mal. Influido por Esopo, Fredo es el primer poeta que escribe sus fábulas como textos separadas a diferencia de sus predecesores que incluyen sus relatos moralizantes como parte de su obra completa. Son alrededor de 122 las fábulas que han llegado a nuestra época, las cuales normalmente se encuentran conjuntadas en cinco volúmenes y escritas en verso con un lenguaje sencillo. Fue un esclavo liberado de Augusto lo que se deduce de un manuscrito del siglo IX en el que aparece como “liberto de Augusto”. 
545 0 |a Flavio Aviano, escritor latino del siglo IV, es autor de 42 fábulas en versos elegíacos, inspiradas fundamentalmente en Babrio, aunque se reconoce la influencia de Fedro y la intención de imitar a los escritores clásicos Ovidio, Virgilio y Propercio. Fueron muy populares como textos escolares. No se tienen datos sobre su vida, pero se cree que perteneció al senado romano. 
561 |a Ex libris de Bibl. Domus. San Cayetano 
561 |a Ex libris de Bibliotheca Coll. Max. Ysletensis S.J. 
562 |a Falta cubierta 
649 |a XX 
650 |a Escritores Latinos -  |x Biografías 
650 |a Animales en la Literatura 
650 |a Máximas Latinas 
650 |a Máximas Clásicas 
650 |a Fábulas Latinas 
650 |a Poesía Epica 
650 |a Literatura Latina 
650 |a Literatura Clásica 
650 |a Literatura Didáctica -  |z Roma 
650 |a Literatura y Etica -  |z Roma 
650 |a Filosofía y Literatura -  |z Roma 
650 |a Fedro 
650 |a Publilio Siro 
740 0 |a Flavii Aviani fabulæ :  |c F. Aviano. 
740 0 |a Anonymi fabulae aesopiae / 
740 0 |a P. Syri mimi et aliorum veterum sententiae /  |c Publilio Siro 
740 0 |a Dion Catonis :  |b Disticha /  |c D. Catón. 
700 |a Aviano, Flavio  |e (autor) 
700 |a Publilio Siro  |e (autor) 
700 |a Catón, Dionisio  |e (autor) 
910 |a Fondo General 
920 |a Impresos - Libros 
930 |a Libros Antiguos y Raros 
940 |a Literatura 
905 |a 108 
901 |a 0500275663  |b IT2  |c LRA  |u 20250526 
902 |a https://opac.biblio.iteso.mx/vufind/Record/000380469